| Tag |
First Indicator |
Second Indicator |
Subfields |
| LEADER |
00000pam a2200000 i 4500 |
| 001 |
in00000048655 |
| 005 |
20151007073559.0 |
| 008 |
790518s1980 maub b 00110 eng |
| 010 |
|
|
|a 79015480
|
| 019 |
|
|
|a 6046769
|
| 020 |
|
|
|a 0674353269
|
| 035 |
|
|
|a (OCoLC)05101546
|
| 035 |
|
|
|9 AAE9976AM
|
| 040 |
|
|
|a DLC
|c DLC
|d TXA
|d UtOrBLW
|
| 043 |
|
|
|a e-gx---
|a n-us---
|
| 049 |
|
|
|a TXAM
|c [1383656]
|
| 050 |
0 |
0 |
|a E183.8.G3
|b G37
|
| 100 |
1 |
|
|a Gatzke, Hans W.
|q (Hans Wilhelm),
|d 1915-1987.
|
| 245 |
1 |
0 |
|a Germany and the United States :
|b a "special relationship?" /
|c Hans W. Gatzke.
|
| 264 |
|
1 |
|a Cambridge, Mass. :
|b Harvard University Press,
|c 1980.
|
| 300 |
|
|
|a xvi, 314 pages :
|b maps ;
|c 24 cm.
|
| 336 |
|
|
|a text
|b txt
|2 rdacontent
|
| 337 |
|
|
|a unmediated
|b n
|2 rdamedia
|
| 338 |
|
|
|a volume
|b nc
|2 rdacarrier
|
| 490 |
1 |
|
|a The American Foreign policy library
|
| 500 |
|
|
|a Includes index.
|
| 504 |
|
|
|a Bibliography: pages 284-302.
|
| 536 |
|
|
|a A gift from the estate of Dwayne Elliott May, Class of '68, April 2002.
|
| 651 |
|
0 |
|a United States
|x Foreign relations
|z Germany.
|
| 651 |
|
0 |
|a Germany
|x Foreign relations
|z United States.
|
| 830 |
|
0 |
|a American foreign policy library.
|
| 999 |
|
|
|a MARS
|
| 999 |
f |
f |
|s 456e9087-c79b-3b57-9bbb-1bdab5baf38e
|i 051c6ad8-72f3-3e1b-92cf-c15d81fac1a5
|t 0
|
| 952 |
f |
f |
|p ric
|a Texas A&M University
|b Rellis Campus
|c Joint Library Facility
|d Remote Storage
|t 0
|e E183.8.G3 G37
|h Library of Congress classification
|i unmediated -- volume
|m A14831215025
|
| 998 |
f |
f |
|a E183.8.G3 G37
|t 0
|l Remote Storage
|